000 00553nam a22001937a 4500
999 _c181605
_d181605
005 20210927112550.0
010 _aENG-129972
020 _c450.00
_a9789353886981
035 _aEN-113504
037 _bDBAD/PUB
082 _a658.45
100 _aSethi Deepa
245 _aImpactful Communication:
_bCommunicate to Conquer/
_cby Deepa Sethi
250 _a2021
260 _bSage
_c2021
270 _bNew Delhi
_aBI/1-1 Mohan Cooperative Industrial Area
_e110044
300 _axv,203p
_c21cm (pbk)
942 _2ddc
_cEN
_mSET
_h658.45